000 00640nam a2200205Ia 4500
003 GCL
008 140319s9999 xx 000 0 ara d
040 _aGCL /
_cGCL
082 0 4 _a811.009
_bب ص
100 1 _aبشرى موسى صالح
245 1 0 _aالصورة الشعرية فى النقد العربى الحديث /
_cبشرى موسى صالح
260 _a[S.N] :
_bالمركز الثقافى العربى ،
_c1994
300 _a184 ص
490 _a
650 0 4 _aالشعر العربى
650 0 4 _aالادب العربى
650 0 4 _aالعصر الحديث
650 0 4 _aتاريخ ونقد
942 _2ddc
_cBK
999 _c43899
_d43899